|
|
|
|
| LEADER |
00699 a2200169 4500 |
| 020 |
|
|
|a 9788125057222
|
| 082 |
|
|
|a 307.140 954 83
|b SAT/K
|
| 100 |
|
|
|a Satheesh Chandra Bose
|9 9150
|
| 245 |
|
|
|a Kerala Modernity:
|b ideas, spaces and practives in transition/
|c by Satheesh Chandra Bose and Shiju Sam Varughese.
|
| 260 |
|
|
|b Oriental Blackswan,
|a Bangalore:
|c 2015.
|
| 300 |
|
|
|a 237p.
|
| 650 |
|
|
|a Communities
|z Kerala
|9 9151
|
| 650 |
|
|
|a Social Sciences
|9 9152
|
| 700 |
|
|
|a Shiju Sam Varughese
|9 9153
|
| 942 |
|
|
|c BK
|
| 999 |
|
|
|c 61377
|d 61377
|
| 952 |
|
|
|0 0
|1 0
|4 0
|6 307_140000000000000_954_83_SAT_K
|7 0
|9 84088
|a SSUS
|b SSUS
|c STACKS
|d 2017-01-16
|g 775.00
|l 4
|o 307.140 954 83 SAT/K
|p 083285
|r 2020-01-22
|s 2019-12-11
|w 2017-01-16
|y BK
|